00469nam a2200193 a 4500001001300000003000900013005001700022008004100039020001000080082001700090100001700107245002200124260002300146300000800169500003500177505002200212650002400234700001700258nice12345678IN_TiNIC20260116011906.0050524s1967 itaa grp 000 0 fre  ac10000a291.172bGEL aGelot, R P J aJournees Romaines aItaliabRomac1967 a18p aincludes index and biblioraphy2 aVarious Documents aInterfaith Dialogue1 aGelot, R P J